000 00764nam a2200205Ii 4500
003 JO-AjNU
008 230605s9999||||xx |||||||||||||| ||und||
040 _aJO-AjNU
_bara
_erda
_cJO-AjNU
041 _aara
050 1 4 _aLB1570.S2594 1995
100 3 _aتاليف السامرائي، هاشم، م.مشارك ابراهيم القاعود، م. مشارك محمد احمد عقله المومني,
_eauthor
_947252
245 0 0 _aالمناهج: اسسها، تطويرها، نظرياتها
250 _aط1
264 3 1 _aاربد: دار الامل، 1995
300 _a158ص
336 _atext
_btxt
_2rdacontent
337 _aunmediated
_bn
_2rdamedia
338 _avolume
_bnc
_2rdacarrier
650 4 _aالتعليم - مناهج - تطوير
_947253
999 _aA20614
_c24182
_d24182